000 00813cam a2200265 a 4500
999 _c3724
_d3724
001 1919243
003 GBCCL
005 20241126110502.0
008 850311s1984 nju 000 0 eng
010 _a 85128109
020 _a0916441032
040 _aDLC
_cDLC
_dDLC
050 0 0 _aBV210
_b.B585 1984
082 0 0 _a248.32
_219
_bBOU
100 1 _aBounds, Edward M.
_q(Edward McKendree),
_d1835-1913.
_93374
245 1 0 _aPower through prayer ; Purpose in prayer /
_cE.M. Bounds.
260 _aWestwood, N.J. :
_bChristian Library,
_cc1984.
300 _a96, 128 p. ;
_c23 cm.
440 4 _aThe Christian library
_97575
650 0 _aPrayer
_xChristianity.
_9227
740 0 _aPower through prayer.
740 0 _aPurpose in prayer.
906 _a7
_bcbc
_corignew
_d3
_encip
_f19
_gy-gencatlg
942 _2ddc
_cBK
_01